BAMBOO in Anji, China : a case study of an intensive production-to-consumption system

Bibliographic Details
Corporate Author: International Network for Bamboo and Rattan (INBAR)
Other Authors: Zhong
Format: Book
Published: Beijing, China : International Network for Bamboo and Rattan , 1998
Series:INBAR working paper; n. 15
Subjects:

MARC

LEADER 00000cam a2200000 7i4500
001 0000000920
005 20001115.0
020 0 0 |a 8186247335 
090 0 0 |a 633.580951   |b BAM 1998 
245 0 0 |a BAMBOO in Anji, China : a case study of an intensive production-to-consumption system   |c Zhong Maogong ... (et al.) 
260 0 0 |a Beijing, China :   |b International Network for Bamboo and Rattan ,   |c 1998 
300 |a 47 p. ;   |c 28 cm. 
440 0 0 |a INBAR working paper; n. 15 
650 0 0 |a Bamboo   |z China 
700 0 1 |a Zhong   |h Maogong 
710 1 1 |a International Network for Bamboo and Rattan (INBAR) 
999 |a 0000002285   |b Monograph   |c Open Shelf   |e Default branch